[Event "English Online Blitz Gp2"]
[Site "chess.com INT"]
[Date "2020.05.09"]
[Round "1"]
[White "Rudd, Jack"]
[Black "Ashworth, Robert"]
[Result "1-0"]
[WhiteTitle "IM"]
[WhiteElo "2331"]
[BlackElo "1577"]
[WhiteFideId "405736"]
[BlackFideId "426563"]
[EventDate "2020.05.09"]
[EventType "blitz"]

1. d4 d5 2. c4 c6 3. Nf3 Nf6 4. Nc3 e6 5. Bg5 Nbd7 6. cxd5 exd5 7. e3 Be7 8. Qc2
h6 9. Bh4 O-O 10. Bd3 Re8 11. O-O Ne4 12. Bxe7 Qxe7 13. Rab1 Ndf6 14. b4 Nxc3
15. Qxc3 Ne4 16. Qc2 f5 17. Ne5 Qf6 18. b5 c5 19. Bxe4 fxe4 20. Qxc5 Be6 21. f3
Rac8 22. Qxa7 Ra8 23. Qxb7 Rxa2 24. Qc6 Qg5 25. Qxe8+ Kh7 26. Qg6+ Qxg6 27. Nxg6
Kxg6 28. b6 Ra8 29. b7 Rb8 30. fxe4 dxe4 31. Rb6 Kh7 32. Rxe6 Rxb7 33. Rxe4 Rb2
34. d5 Rd2 35. Rd4 Re2 36. d6 Rxe3 37. d7 1-0

[Event "English Online Blitz Gp2"]
[Site "chess.com INT"]
[Date "2020.05.09"]
[Round "1"]
[White "Buckley, Colm"]
[Black "Adair, James R"]
[Result "0-1"]
[BlackTitle "IM"]
[WhiteElo "1920"]
[BlackElo "2450"]
[WhiteFideId "2505916"]
[BlackFideId "406252"]
[EventDate "2020.05.09"]
[EventType "blitz"]

1. d4 Nf6 2. c4 e6 3. Nc3 Bb4 4. Bd2 O-O 5. Nf3 c5 6. e3 cxd4 7. exd4 Nc6 8. a3
Bxc3 9. Bxc3 d5 10. Be2 dxc4 11. Bxc4 b6 12. O-O Bb7 13. Ne5 Ne4 14. Qg4 Nxe5
15. dxe5 Rc8 16. Rfd1 Qc7 17. Bd3 Nxc3 18. bxc3 Qxe5 19. Bb5 Qxb5 20. a4 Qf5 0-1

[Event "English Online Blitz Gp2"]
[Site "chess.com INT"]
[Date "2020.05.09"]
[Round "1"]
[White "Bayat, Shohreh"]
[Black "Patel, Zain"]
[Result "1/2-1/2"]
[WhiteTitle "WFM"]
[WhiteElo "2091"]
[BlackElo "1314"]
[WhiteFideId "12501018"]
[BlackFideId "469246"]
[EventDate "2020.05.09"]
[EventType "blitz"]

1. e4 c5 2. Nf3 d6 3. Bb5+ Bd7 4. Bxd7+ Nxd7 5. O-O Ngf6 6. Re1 a6 7. c3 e6 8.
d4 cxd4 9. cxd4 b5 10. a3 Be7 11. Nc3 O-O 12. Qd3 Rc8 13. e5 dxe5 14. dxe5 Nc5
15. Qe2 Nd3 16. Rd1 Nxc1 17. Rxd8 Nxe2+ 18. Nxe2 Rfxd8 19. exf6 Bxf6 20. Rb1 Rc2
21. Ng3 Rxb2 22. Rc1 Ra2 23. h3 Rxa3 24. Ne4 Bb2 25. Rb1 Ra1 26. Rf1 Rxf1+ 27.
Kxf1 Rd1+ 28. Ke2 Rd8 29. Nfd2 Ra8 30. Nd6 a5 31. Nxb5 a4 32. Nc4 a3 33. Nbxa3
Bxa3 34. Nd2 Rd8 35. f3 Bb4 36. Ne4 f5 37. Ng5 Rd2+ 38. Ke3 Rxg2 39. Nxe6 Bd2+
40. Kd3 Kf7 41. Nd4 g6 42. Ne2 Bh6 43. Nd4 Bg7 44. Nc6 Kf6 45. Nd4 g5 46. Ne2 h5
47. f4 g4 48. hxg4 hxg4 49. Ke3 Bh6 50. Nc3 Rg3+ 51. Kf2 Rxc3 52. Kg2 g3 53. Kh1
Bxf4 54. Kg2 Rc2+ 55. Kg1 g2 1/2-1/2

[Event "English Online Blitz Gp2"]
[Site "chess.com INT"]
[Date "2020.05.09"]
[Round "1"]
[White "Grieve, Harry"]
[Black "Burnett, Leon P"]
[Result "1-0"]
[WhiteTitle "FM"]
[WhiteElo "2355"]
[BlackElo "1834"]
[WhiteFideId "426520"]
[BlackFideId "444448"]
[EventDate "2020.05.09"]
[EventType "blitz"]

1. d4 Nf6 2. Bg5 e6 3. Nd2 Be7 4. Ngf3 d6 5. e4 O-O 6. Bd3 h6 7. Bh4 Nbd7 8. Qe2
c5 9. c3 b6 10. O-O-O cxd4 11. cxd4 Bb7 12. Rdg1 Rc8+ 13. Kb1 Nxe4 14. Bxe4 Bxh4
15. Bxb7 Rc7 16. Be4 Bf6 17. g4 g6 18. h4 Bg7 19. h5 g5 20. Bd3 Nf6 21. Ne4 d5
22. Nxf6+ Qxf6 23. Ne5 Rfc8 24. Rc1 Qf4 25. Qe3 Bxe5 26. dxe5 Qb4 27. Rxc7 Rxc7
28. f3 a5 29. Bc2 b5 30. Qd3 Kf8 31. Qh7 Ke7 32. Qxh6 Qd2 33. Qf6+ Ke8 34. Rc1 1-0

[Event "English Online Blitz Gp2"]
[Site "chess.com INT"]
[Date "2020.05.09"]
[Round "1"]
[White "Waterfield, Mark"]
[Black "Arkell, Keith C"]
[Result "0-1"]
[BlackTitle "GM"]
[WhiteElo "1641"]
[BlackElo "2429"]
[WhiteFideId "464910"]
[BlackFideId "400270"]
[EventDate "2020.05.09"]
[EventType "blitz"]

1. e4 c6 2. Nf3 d5 3. Nc3 Bg4 4. h3 Bxf3 5. Qxf3 e6 6. Be2 Nd7 7. O-O dxe4 8.
Nxe4 Ngf6 9. Nxf6+ Nxf6 10. Rd1 Be7 11. d4 O-O 12. c3 Re8 13. Be3 Qd5 14. Bd2
Qxf3 15. Bxf3 Red8 16. Be3 Rd7 17. Rd2 a6 18. a3 Rad8 19. Rad1 Nd5 20. Be2 b5
21. Bd3 g6 22. Be4 Kg7 23. g3 h6 24. h4 g5 25. hxg5 hxg5 26. Kg2 g4 27. Bxd5
cxd5 28. f3 gxf3+ 29. Kxf3 Rh8 30. Kg2 Kg6 31. Rh1 Rdd8 32. Rdd1 a5 33. Bd2 b4
34. axb4 axb4 35. cxb4 Rxh1 36. Rxh1 Rb8 37. Bc3 Bxb4 38. Kf3 Bxc3 39. bxc3 Rb2
40. Ke3 Rg2 41. Kf3 Rc2 42. Kf4 Kf6 43. Rh6+ Ke7 44. g4 Rxc3 45. Rh7 Rd3 46. Ke5
Re3+ 47. Kf4 Re4+ 48. Kg5 Rxd4 49. Kh6 Rxg4 0-1

[Event "English Online Blitz Gp2"]
[Site "chess.com INT"]
[Date "2020.05.09"]
[Round "1"]
[White "Barker, Arron"]
[Black "Taylor, Adam C"]
[Result "0-1"]
[BlackTitle "IM"]
[WhiteElo "1847"]
[BlackElo "2347"]
[WhiteFideId "449490"]
[BlackFideId "424668"]
[EventDate "2020.05.09"]
[EventType "blitz"]

1. g4 d5 2. Bg2 Bxg4 3. c4 Be6 4. Qb3 c6 5. cxd5 Bxd5 6. Bxd5 cxd5 7. Qxb7 Nd7
8. Qxd5 Ngf6 9. Qg5 Ne4 10. Qe3 Qc7 11. Nc3 Nxc3 12. bxc3 e5 13. Nf3 Bd6 14. Rg1
g6 15. d4 Rc8 16. Bd2 O-O 17. Qh6 Rfe8 18. Ng5 Nf8 19. e3 exd4 20. cxd4 Qc4 21.
Rc1 Qxc1+ 22. Bxc1 Rxc1+ 23. Kd2 Rxg1 24. Nf3 Rb1 25. Qg5 Rb2+ 26. Kd3 Ne6 27.
Qd5 Rxf2 28. Nd2 Bxh2 29. Ne4 Rf3 30. Nd6 Nf4+ 31. Kc4 Nxd5 32. Kxd5 Bxd6 33.
Kxd6 Rfxe3 34. d5 Rd3 35. Kc6 Rxd5 36. Kxd5 Re6 37. Kd4 h5 0-1

[Event "English Online Blitz Gp2"]
[Site "chess.com INT"]
[Date "2020.05.09"]
[Round "1"]
[White "Stepanyan, Henrik"]
[Black "Siddharth, Gopakumar"]
[Result "1-0"]
[WhiteElo "2196"]
[BlackElo "1854"]
[WhiteFideId "401030"]
[BlackFideId "5053463"]
[EventDate "2020.05.09"]
[EventType "blitz"]

1. d4 d5 2. c4 c6 3. Nf3 Nf6 4. g3 g6 5. Bg2 Bg7 6. O-O O-O 7. Nc3 Bg4 8. Qb3
Qb6 9. cxd5 Qxb3 10. axb3 cxd5 11. Ne5 Be6 12. Bg5 Nc6 13. Nxc6 bxc6 14. Ra6
Rfc8 15. Rfa1 Rab8 16. R1a3 Rb7 17. Rxa7 Rxa7 18. Rxa7 Kf8 19. Na4 h6 20. Bd2
Ne4 21. Bxe4 dxe4 22. e3 Bxb3 23. Nb6 Rd8 24. Bb4 Bf6 25. h4 h5 26. Rc7 Bd5 27.
Bc5 Re8 28. b4 Kg7 29. b5 e6 30. bxc6 Rb8 31. Nxd5 exd5 32. Bd6 Rb1+ 33. Kg2 Rb6
34. Rc8 g5 35. hxg5 Bxg5 36. Bf8+ Kf6 37. c7 Rc6 38. Bc5 Kg7 39. Ba7 Be7 40. Bb8
Bd6 41. Rd8 Bxc7 42. Rc8 1-0

[Event "English Online Blitz Gp2"]
[Site "chess.com INT"]
[Date "2020.05.09"]
[Round "1"]
[White "Norinkeviciute, Rasa"]
[Black "Westwood, Richard D"]
[Result "1/2-1/2"]
[WhiteTitle "WFM"]
[WhiteElo "2010"]
[BlackElo "2080"]
[WhiteFideId "12801925"]
[BlackFideId "412406"]
[EventDate "2020.05.09"]
[EventType "blitz"]

1. c4 Nf6 2. g3 e6 3. Bg2 d5 4. Nf3 Be7 5. O-O c6 6. b3 O-O 7. Bb2 Nbd7 8. Qc2
b6 9. d3 Bb7 10. Nbd2 Rc8 11. e4 Qc7 12. Rad1 Rfe8 13. Rfe1 dxe4 14. dxe4 e5 15.
Nf1 Bf8 16. Ne3 c5 17. Nd5 Bxd5 18. exd5 Bd6 19. Ng5 h6 20. Ne4 Nxe4 21. Bxe4
Nf6 22. Bf5 Rcd8 23. Bh3 Re7 24. Re2 Rde8 25. Rde1 a5 26. a4 Nh7 27. Bf5 Nf8 28.
Bh3 Ng6 29. Bf5 Nf8 30. Be4 g6 31. Qc3 f5 32. Bg2 Nd7 33. f4 Kh7 34. Ba1 e4 35.
Re3 Rf7 36. Bb2 Be7 37. Rd1 Bf6 38. Qc2 Qd6 39. Qc1 Bxb2 40. Qxb2 Nf6 41. h3 h5
42. h4 Ng4 43. Re2 Rd7 44. Bh3 Nf6 45. Rde1 Ree7 46. Kf2 Rf7 47. Kg1 Ne8 48. Qc3
Qf6 49. Qxf6 Nxf6 50. Re3 Kg7 51. Kf2 Rd6 52. Ke2 Re7 53. Kd2 Nd7 54. Kc3 Nb8
55. Bf1 Na6 56. Be2 Nb4 57. Bf1 Kf6 58. Be2 Na2+ 59. Kb2 Nb4 60. Kc3 Red7 61.
Rd1 Na2+ 62. Kb2 Nb4 63. Kc3 Re7 64. Re1 1/2-1/2

[Event "English Online Blitz Gp2"]
[Site "chess.com INT"]
[Date "2020.05.09"]
[Round "1"]
[White "Varney, Zoe"]
[Black "Rendle, Thomas E"]
[Result "1-0"]
[BlackTitle "IM"]
[WhiteElo "1917"]
[BlackElo "2365"]
[WhiteFideId "436135"]
[BlackFideId "408760"]
[EventDate "2020.05.09"]
[EventType "blitz"]

1. e4 e6 2. d4 d5 3. exd5 exd5 4. Nf3 Bd6 5. c4 c6 6. c5 Bc7 7. Nc3 Ne7 8. Bd3
O-O 9. O-O Bf5 10. Bxf5 Nxf5 11. Qd3 Qf6 12. Bg5 Qg6 13. Rae1 Nd7 14. b4 h6 15.
Bd2 Rae8 16. a4 Qh5 17. Ne2 Re4 18. Ng3 Nxg3 19. hxg3 Rfe8 20. Be3 Nf6 21. b5
Ng4 22. bxc6 bxc6 23. Qa6 Bxg3 24. fxg3 Rxe3 25. Qxc6 Rxe1 26. Rxe1 Rxe1+ 27.
Nxe1 Qf5 28. Qe8+ Kh7 29. Qe2 Nf6 30. Qd3 Ne4 31. Nf3 Qg5 32. Nxg5+ hxg5 33. Kf1
f5 34. c6 Kg8 35. c7 Nd6 36. Qb3 Kf8 37. Qb8+ Ke7 38. c8=N+ Nxc8 39. Qxc8 1-0

[Event "English Online Blitz Gp2"]
[Site "chess.com INT"]
[Date "2020.05.09"]
[Round "1"]
[White "Kalavannan, Koby"]
[Black "Regan, Natasha K"]
[Result "1-0"]
[WhiteTitle "FM"]
[BlackTitle "WIM"]
[WhiteElo "2324"]
[BlackElo "1954"]
[WhiteFideId "425753"]
[BlackFideId "403067"]
[EventDate "2020.05.09"]
[EventType "blitz"]

1. d4 f5 2. g3 Nf6 3. Bg2 g6 4. Nh3 Bg7 5. Nf4 d6 6. d5 c6 7. c4 O-O 8. h4 Na6
9. h5 g5 10. h6 Bh8 11. Nd3 cxd5 12. cxd5 g4 13. Qd2 Qe8 14. Nc3 Bd7 15. b3 Rc8
16. Bb2 Nc5 17. Nxc5 Rxc5 18. Rd1 b5 19. b4 Rc4 20. a3 Qg6 21. e3 Rfc8 22. Rc1
Ne4 23. Bxe4 fxe4 24. O-O Qxh6 25. Ne2 Bxb2 26. Qxb2 Qf6 27. Qd2 Bf5 28. Nd4 Qf7
29. Nc6 Rxc1 30. Rxc1 Bd7 31. Qd4 Bxc6 32. dxc6 Qe6 33. Qxa7 d5 34. Qb7 Kf7 35.
Qxb5 d4 36. exd4 e3 37. Qc4 e2 38. Qxe6+ Kxe6 39. Re1 Rxc6 40. Rxe2+ Kd5 41.
Rxe7 Kxd4 42. Rxh7 Rc1+ 43. Kg2 Ra1 44. Rg7 Rxa3 45. Rxg4+ Kd5 46. Rf4 Rb3 47.
g4 Ke5 48. Rf5+ Ke6 49. b5 Rb4 50. Kg3 Rb3+ 51. f3 1-0

[Event "English Online Blitz Gp2"]
[Site "chess.com INT"]
[Date "2020.05.09"]
[Round "1"]
[White "Haria, Ravi"]
[Black "Kuzhelev, Timur"]
[Result "1-0"]
[WhiteTitle "IM"]
[WhiteElo "2440"]
[BlackElo "1781"]
[WhiteFideId "415820"]
[BlackFideId "44101791"]
[EventDate "2020.05.09"]
[EventType "blitz"]

1. Nf3 Nf6 2. g3 g6 3. Bg2 Bg7 4. d4 d6 5. O-O O-O 6. a4 Nbd7 7. a5 a6 8. c4 e5
9. Nc3 c6 10. h3 exd4 11. Nxd4 Ne5 12. b3 c5 13. Nc2 Qc7 14. Bg5 Bd7 15. Ne3 Bc6
16. Bxf6 Bxf6 17. Ned5 Qd8 18. Nxf6+ Qxf6 19. Nd5 Qg7 20. Qd2 Rad8 21. Rac1 f5
22. Nf4 Bxg2 23. Kxg2 Qf7 24. Rfd1 g5 25. Nd5 f4 26. Qc3 f3+ 27. exf3 Qxf3+ 28.
Qxf3 Rxf3 29. Rc3 Rdf8 30. Rxf3 Rxf3 31. Ne3 Rf6 32. g4 Kf7 33. Nf5 Rxf5 34.
gxf5 Ke7 35. Kg3 Nf7 36. f4 h6 37. fxg5 hxg5 38. Re1+ Kf6 39. Re6+ Kxf5 40. Re7
Ne5 41. Rxb7 Nc6 42. Rb6 Nxa5 43. Kf3 Ke5 44. Kg4 Kd4 45. Kxg5 Kc3 46. h4 Nxb3
47. h5 Kxc4 48. h6 d5 49. h7 a5 50. h8=Q a4 51. Qb2 d4 52. Ra6 Kb5 53. Ra8 c4
54. Qa3 d3 55. Qxa4+ Kc5 56. Rc8+ Kd5 57. Qxc4+ Kd6 58. Qxd3+ 1-0

[Event "English Online Blitz Gp2"]
[Site "chess.com INT"]
[Date "2020.05.09"]
[Round "2"]
[White "Taylor, Adam C"]
[Black "Allis, Richard"]
[Result "1-0"]
[WhiteTitle "IM"]
[WhiteElo "2347"]
[BlackElo "2052"]
[WhiteFideId "424668"]
[BlackFideId "435791"]
[EventDate "2020.05.09"]
[EventType "blitz"]

1. e4 e5 2. Nf3 Nc6 3. Bb5 a6 4. Ba4 Nf6 5. O-O b6 6. Re1 Bd6 7. d4 Qe7 8. Nc3
b5 9. Bb3 O-O 10. Bg5 h6 11. Nd5 Qd8 12. Nxf6+ gxf6 13. Bxh6 Re8 14. Nh4 Nxd4
15. Qg4+ 1-0

[Event "English Online Blitz Gp2"]
[Site "chess.com INT"]
[Date "2020.05.09"]
[Round "2"]
[White "Regan, Natasha K"]
[Black "Fisher, Neal"]
[Result "1-0"]
[WhiteTitle "WIM"]
[WhiteElo "1954"]
[BlackElo "1498"]
[WhiteFideId "403067"]
[BlackFideId "442100"]
[EventDate "2020.05.09"]
[EventType "blitz"]

1. e4 e5 2. f4 d6 3. Nf3 c6 4. fxe5 dxe5 5. Bc4 h6 6. O-O Nd7 7. Bxf7+ Kxf7 8.
Nxe5+ Ke8 9. Qh5+ Ke7 10. Ng6+ Kd6 11. Nxh8 Kc7 12. d4 Ngf6 13. Bf4+ Bd6 14.
Bxd6+ Kxd6 15. Nf7+ 1-0

[Event "English Online Blitz Gp2"]
[Site "chess.com INT"]
[Date "2020.05.09"]
[Round "2"]
[White "Brown, Tom"]
[Black "Stepanyan, Henrik"]
[Result "0-1"]
[WhiteElo "2005"]
[BlackElo "2196"]
[WhiteFideId "448001"]
[BlackFideId "401030"]
[EventDate "2020.05.09"]
[EventType "blitz"]

1. d4 d5 2. c4 e6 3. Nc3 c5 4. dxc5 d4 5. Ne4 Bxc5 6. Nxc5 Qa5+ 7. Bd2 Qxc5 8.
e3 Nc6 9. Nf3 dxe3 10. Bxe3 Qa5+ 11. Qd2 Qxd2+ 12. Bxd2 Nf6 13. Bd3 O-O 14. O-O
e5 15. Bc2 e4 16. Ng5 Nd4 17. Bd3 exd3 18. Nxh7 Nxh7 19. Bh6 gxh6 0-1

[Event "English Online Blitz Gp2"]
[Site "chess.com INT"]
[Date "2020.05.09"]
[Round "2"]
[White "Chaplin, Peter E"]
[Black "Dong, Bao Nghia"]
[Result "0-1"]
[BlackTitle "CM"]
[WhiteElo "2046"]
[BlackElo "2227"]
[WhiteFideId "406554"]
[BlackFideId "12400343"]
[EventDate "2020.05.09"]
[EventType "blitz"]

1. b3 d5 2. Nf3 Nf6 3. Bb2 Bf5 4. e3 e6 5. c4 a5 6. Nc3 Be7 7. Be2 O-O 8. Nh4
Bg6 9. Nxg6 hxg6 10. cxd5 exd5 11. d4 Nbd7 12. Bf3 c6 13. O-O Re8 14. Qc1 Nf8
15. Ba3 Bb4 16. Ne2 Qd6 17. Bxb4 axb4 18. Qc2 Ne6 19. Nc1 Ng5 20. Be2 Nge4 21.
Nd3 Nc3 22. Rfc1 b6 23. Bf1 c5 24. dxc5 bxc5 25. a3 Rac8 26. axb4 cxb4 27. Qb2
Nfe4 28. Rc2 Ra8 29. g3 Qf6 30. Bg2 Rxa1+ 31. Qxa1 Ne2+ 0-1

[Event "English Online Blitz Gp2"]
[Site "chess.com INT"]
[Date "2020.05.09"]
[Round "2"]
[White "Zabrocki, Philip"]
[Black "Haria, Ravi"]
[Result "0-1"]
[BlackTitle "IM"]
[WhiteElo "1948"]
[BlackElo "2440"]
[WhiteFideId "426873"]
[BlackFideId "415820"]
[EventDate "2020.05.09"]
[EventType "blitz"]

1. e4 e6 2. d4 d5 3. Nc3 Bb4 4. exd5 exd5 5. Bd3 Nc6 6. a3 Bxc3+ 7. bxc3 Nge7 8.
Qf3 Be6 9. Ne2 Qd7 10. Rb1 O-O-O 11. h3 Rde8 12. Ng3 Nf5 13. Nxf5 Bxf5+ 14. Be3
Be4 15. Qg3 f6 16. O-O h5 17. Rfe1 h4 18. Qh2 g5 19. f3 Bxd3 20. cxd3 Re6 21. c4
Rhe8 22. Kf2 dxc4 23. d5 Qxd5 24. dxc4 Qd3 25. Rbd1 Qxa3 26. Ra1 Qb2+ 0-1

[Event "English Online Blitz Gp2"]
[Site "chess.com INT"]
[Date "2020.05.09"]
[Round "2"]
[White "Robson, Adrian"]
[Black "Mortazavi, Ali"]
[Result "0-1"]
[BlackTitle "IM"]
[WhiteElo "1484"]
[BlackElo "2333"]
[WhiteFideId "1544659"]
[BlackFideId "401323"]
[EventDate "2020.05.09"]
[EventType "blitz"]

1. e4 c6 2. Nc3 d5 3. Nf3 dxe4 4. Nxe4 Nf6 5. Nxf6+ exf6 6. g3 Bd6 7. Bg2 Qe7+
8. Qe2 Qxe2+ 9. Kxe2 O-O 10. Re1 Na6 11. c3 Bf5 12. d4 Rfe8+ 13. Be3 Nc7 14. Kf1
g5 15. Kg1 a5 16. Bd2 a4 17. Rxe8+ Rxe8 18. Re1 Be6 19. a3 Rd8 20. Bc1 Kg7 21.
Nd2 Bf8 22. Ne4 Bd5 23. f3 h6 24. Kf2 f5 25. Nd2 b5 26. f4 Bxg2 27. Kxg2 Nd5 28.
Nf3 f6 29. Re6 Bd6 30. fxg5 hxg5 31. Re2 Kf7 32. Ne1 Rh8 33. Nc2 f4 34. Ne1 g4
35. gxf4 Bxf4 36. Rc2 Rxh2+ 0-1

[Event "English Online Blitz Gp2"]
[Site "chess.com INT"]
[Date "2020.05.09"]
[Round "2"]
[White "Frostick, Clive A"]
[Black "Pein, Malcolm"]
[Result "1-0"]
[BlackTitle "IM"]
[WhiteElo "2108"]
[BlackElo "2309"]
[WhiteFideId "411302"]
[BlackFideId "400289"]
[EventDate "2020.05.09"]
[EventType "blitz"]

1. e4 e5 2. Nc3 d6 3. Nf3 Nf6 4. d4 exd4 5. Nxd4 g6 6. Be2 Bg7 7. Be3 O-O 8. h3
Re8 9. Qd3 Na6 10. f3 d5 11. O-O-O c5 12. Ndb5 d4 13. Bg5 Qa5 14. Bxf6 Bxf6 15.
Nd5 Bg5+ 16. f4 Bd8 17. Qa3 Qxa3 18. Nxa3 Rxe4 19. Bf3 Re8 20. Nc4 Be6 21. Nd6
Rf8 22. Nxb7 Rb8 23. Nxd8 Rfxd8 24. Ne7+ Kg7 25. Nc6 Nb4 26. Nxd8 Nxa2+ 27. Kb1
Rxd8 28. c3 d3 29. Rhe1 Bb3 30. Rd2 c4 31. Bd1 a5 32. Bxb3 cxb3 33. Red1 a4 34.
Rxd3 Re8 35. Rd8 Re2 36. R8d2 Re4 37. Rd4 Re2 38. Rxa4 Rxg2 39. Ra3 Rf2 40. Rxb3
Rxf4 41. Kxa2 Ra4+ 42. Ra3 Rh4 43. c4 Rxc4 44. Rc3 Rf4 45. Rb1 h5 46. b4 Rf2+
47. Ka3 Rf6 48. b5 Rb6 49. Kb4 g5 50. Ka5 1-0

[Event "English Online Blitz Gp2"]
[Site "chess.com INT"]
[Date "2020.05.09"]
[Round "2"]
[White "Dilley, Jason M"]
[Black "Pert, Richard G"]
[Result "0-1"]
[BlackTitle "IM"]
[WhiteElo "2136"]
[BlackElo "2416"]
[WhiteFideId "403016"]
[BlackFideId "404748"]
[EventDate "2020.05.09"]
[EventType "blitz"]

1. d4 d5 2. Bg5 f6 3. Bh4 Nh6 4. f3 c5 5. e3 Nc6 6. c3 e5 7. Bb5 Qb6 8. Bxc6+
bxc6 9. Qb3 c4 10. Qxb6 axb6 11. Nd2 b5 12. Ne2 b4 13. O-O Nf5 14. Bf2 exd4 15.
exd4 Bd6 16. Rfe1 O-O 17. Ng3 bxc3 18. bxc3 Bf4 19. Ndf1 Kf7 20. Nxf5 Bxf5 21.
Ne3 Bd3 22. g3 Bd6 23. Nd1 Ra7 24. Nb2 Bg6 25. Re2 Ba3 26. Nd1 Rb8 27. Rd2 Bd3
28. Be3 Rbb7 29. Kf2 Ra5 30. Ke1 Rab5 31. Nf2 Bb2 32. Rad1 Bxc3 33. Nxd3 cxd3
34. Kf2 Bxd2 35. Bxd2 Rb2 36. Ke3 Rxa2 37. Kxd3 Rb3+ 38. Ke2 Rbb2 39. Ke1 Rc2
40. h4 h5 41. g4 g6 42. gxh5 gxh5 43. Ke2 Ke6 44. Kd3 Rcb2 45. Re1+ Kf5 46. Rd1
Rb3+ 47. Ke2 Ra4 48. Bh6 Rb2+ 49. Bd2 Rxd4 0-1

[Event "English Online Blitz Gp2"]
[Site "chess.com INT"]
[Date "2020.05.09"]
[Round "2"]
[White "Starley, Robert"]
[Black "Reimanis, Ritvars"]
[Result "0-1"]
[BlackTitle "FM"]
[WhiteElo "2084"]
[BlackElo "2421"]
[WhiteFideId "421006"]
[BlackFideId "11602988"]
[EventDate "2020.05.09"]
[EventType "blitz"]

1. e4 c5 2. Nf3 Nc6 3. b4 cxb4 4. d4 g6 5. Bb2 Bg7 6. Bc4 Nh6 7. O-O O-O 8. Nbd2
Na5 9. Bd3 d5 10. e5 Bf5 11. Nb3 Nc4 12. Bc1 Bxd3 13. cxd3 Na5 14. Bd2 Nc6 15.
Qc1 Nf5 16. g4 Nfxd4 17. Nbxd4 Nxd4 18. Nxd4 Bxe5 19. Be3 Qd7 20. f3 h5 21. gxh5
Qh3 22. Rf2 Qxh5 23. Rb1 a5 24. Qd2 Qh8 25. Nb3 Rfc8 26. d4 Bf6 27. Nc5 b6 28.
Nd7 Rc6 29. Nxf6+ Qxf6 30. f4 Qf5 31. Rbf1 Rac8 32. Qe2 Rc3 33. Rg2 Qe4 34. Bd2
Qxd4+ 35. Qf2 Qxf2+ 36. Rgxf2 Rd3 37. Rg2 e6 38. Be1 Kf8 39. Bf2 Rc6 40. h4 Ke7
41. Rg5 a4 42. h5 gxh5 43. Rxh5 b3 44. Bh4+ Kd7 45. axb3 axb3 46. Rb1 Rc2 47.
Bf6 Rg3+ 48. Kh1 Rf3 49. Rh2 Rxf4 50. Rxc2 bxc2 51. Rc1 Rxf6 52. Rxc2 d4 53. Rb2
e5 54. Kg2 e4 55. Rd2 d3 56. Kg1 Kd6 57. Kg2 Kd5 58. Kg3 Kd4 59. Kg2 e3 60. Rb2
Rf2+ 61. Rxf2 exf2 62. Kxf2 Kc3 0-1

[Event "English Online Blitz Gp2"]
[Site "chess.com INT"]
[Date "2020.05.09"]
[Round "2"]
[White "Payne, Matthew J"]
[Black "Kalavannan, Koby"]
[Result "0-1"]
[BlackTitle "FM"]
[WhiteElo "2150"]
[BlackElo "2324"]
[WhiteFideId "417084"]
[BlackFideId "425753"]
[EventDate "2020.05.09"]
[EventType "blitz"]

1. e4 c5 2. Nc3 Nc6 3. Bb5 Nd4 4. Bc4 g6 5. Nf3 Nc6 6. O-O Bg7 7. Re1 a6 8. d3
b5 9. Bb3 e6 10. e5 d5 11. exd6 Nf6 12. Ne4 Nxe4 13. Rxe4 Qxd6 14. Bf4 Qd7 15.
c3 O-O 16. d4 c4 17. Bc2 Bb7 18. Re1 Rfe8 19. h4 Rad8 20. h5 Ne7 21. Ng5 Nd5 22.
Qg4 Nf6 23. Qh4 Nxh5 24. Bh2 Bf6 25. Be5 Qe7 26. f4 h6 27. Bxf6 Qxf6 28. Nf3
Qxf4 29. Qxf4 Nxf4 30. Re3 Kg7 31. Rf1 Nd5 32. Ree1 Re7 33. Ne5 f5 34. g4 Kf6
35. gxf5 exf5 36. Ng4+ Kg7 37. Ne5 Rde8 38. Kh2 Nf6 39. Rg1 Ng4+ 40. Rxg4 fxg4
41. Bxg6 Rxe5 42. dxe5 Kxg6 43. Kg3 h5 44. Kf4 Rf8+ 45. Ke3 Rf3+ 46. Kd4 Kf7 47.
Kc5 Ke6 48. Kb6 Bd5 49. Kxa6 h4 50. Kxb5 h3 51. a4 h2 52. a5 Re3 53. Rh1 0-1

[Event "English Online Blitz Gp2"]
[Site "chess.com INT"]
[Date "2020.05.09"]
[Round "2"]
[White "Arkell, Keith C"]
[Black "Cooper, Lawrence H"]
[Result "1-0"]
[WhiteTitle "GM"]
[BlackTitle "IM"]
[WhiteElo "2429"]
[BlackElo "2331"]
[WhiteFideId "400270"]
[BlackFideId "401536"]
[EventDate "2020.05.09"]
[EventType "blitz"]

1. d4 Nf6 2. Nf3 e6 3. c4 c5 4. d5 exd5 5. cxd5 d6 6. Nc3 g6 7. g3 Bg7 8. Bg2
O-O 9. O-O a6 10. a4 Re8 11. Nd2 Nbd7 12. Nc4 Ne5 13. Nxe5 Rxe5 14. Bf4 Re8 15.
Qc2 Qc7 16. Rab1 Nh5 17. Bd2 f5 18. e3 Nf6 19. Rfc1 Bd7 20. b4 b6 21. bxc5 bxc5
22. Rb3 Reb8 23. Rcb1 Ng4 24. Qb2 Rxb3 25. Qxb3 Ne5 26. Qb7 Qxb7 27. Rxb7 Nc4
28. Be1 Be8 29. Bf1 Ne5 30. Be2 c4 31. Rb6 Bf8 32. a5 Nd3 33. Bd2 Nc5 34. Rb4
Nb3 35. Be1 Nxa5 36. Rb2 Bg7 37. Ra2 Nb3 38. Bxc4 Nc5 39. Ne2 Rb8 40. Nd4 Rb1
41. Kf1 Bb5 42. Bxb5 axb5 43. Ke2 b4 44. Ra8+ Kf7 45. Ra7+ Kg8 46. Ne6 Nxe6 47.
dxe6 Bf6 48. Ra8+ Kg7 49. Rb8 b3 50. Bc3 Rc1 51. Rb7+ Kh6 52. Bxf6 1-0

[Event "English Online Blitz Gp2"]
[Site "chess.com INT"]
[Date "2020.05.09"]
[Round "2"]
[White "Quilter, Thomas A"]
[Black "Chow, Samuel"]
[Result "1/2-1/2"]
[WhiteTitle "CM"]
[BlackTitle "FM"]
[WhiteElo "2162"]
[BlackElo "2345"]
[WhiteFideId "408530"]
[BlackFideId "3202992"]
[EventDate "2020.05.09"]
[EventType "blitz"]

1. e4 e6 2. c4 d5 3. cxd5 exd5 4. Nc3 dxe4 5. f3 exf3 6. Nxf3 Nf6 7. Bc4 Be7 8.
d4 O-O 9. O-O Nbd7 10. Bf4 Nb6 11. Bb3 c6 12. Kh1 Bg4 13. Qd3 Nbd5 14. Bg3 Bh5
15. Ne5 Bg6 16. Nxg6 hxg6 17. Rae1 Bb4 18. a3 Nxc3 19. axb4 Ncd5 20. b5 cxb5 21.
Qxb5 Qb6 22. Qd3 Rad8 23. Be5 Ng4 24. Bxd5 Rxd5 25. Qf3 Nxe5 26. Qxd5 Nc6 27.
Re4 Qxb2 28. Ref4 Ne7 29. Qd7 Nf5 30. d5 Ne3 31. Rg1 Qd2 32. Qxb7 Nd1 33. Rgf1
Ne3 34. R4f2 Qd4 35. Rxf7 Nxf1 36. Rxf8+ Kxf8 37. Qc8+ Ke7 38. Qe6+ Kd8 39. Qd6+
Kc8 40. Qf8+ Kc7 41. Qf7+ Kd6 42. Qxf1 Kxd5 43. Qb5+ Ke6 44. Qc6+ Kf7 45. h3 Kg8
46. Qxg6 Qd7 47. Qe4 Qc7 48. Qd5+ Kh8 49. Qh5+ Kg8 50. Qe8+ Kh7 51. Qh5+ Kg8 52.
Qe8+ Kh7 53. Qh5+ Kg8 1/2-1/2